000 00616cam a2200241 4500
001 M93664
008 090401t1998 xxu||||| |||| 00| 0 eng d
035 _a(Sirsi) u88248
041 _aeng
050 _a690.2
100 _aStaveley, H.S.
245 _aBuilding surveys.
260 _aAscot, Berks.
_bCIOB
_c1998
300 _a10p. ; 30cm.
350 _a0
490 _aConstruction Papers
_v89
650 _aBUILDING SURVEYS
650 _aRESIDENTIAL SURVEYS
690 _aBUILT ENVIRONMENT-BUILDING INSPECTION
710 _aChartered Institute of Building
_92134
942 _n0
948 _c02/09/1998
999 _c97306
_d97306